| 000 | 00990nam a2200241 a 4500 | ||
|---|---|---|---|
| 001 | 000037576 | ||
| 005 | 20200930080441.0 | ||
| 008 | 120501s1999 sp ac r 001 0 spa d | ||
| 020 | _a8400077369 | ||
| 040 |
_aDO-SdBNP _bspa _cBNPHU |
||
| 082 |
_axxxx _bxxxx |
||
| 100 | 1 |
_aAbel Vilela, Adolfo de _964039 |
|
| 245 | 1 | 0 |
_aA pompa funeral e festiva como exaltación do poder o cerimonial en Lugo / _cAdolfo de Abel Vilela ; prólogo Eduardo Pardo Guevara y Valdés. |
| 260 |
_aSantiago de Compostela : _bC.S.I.C., _c1999. |
||
| 300 |
_a348 p. ; _c24 cm. |
||
| 490 | 1 |
_aCuadernos de estudios gallegos _v27 |
|
| 500 | _aIncluye referencias bibliográficas y notas al pie de las páginas | ||
| 590 | _aInventariado, 2019/BT | ||
| 700 | 1 |
_aGuevara y Valdés, Eduardo Pardo de, _epról. _964035 |
|
| 710 | 2 |
_aConsejo de Investigaciones Científicas _964040 |
|
| 710 | 2 |
_aInstituto de Estudios, Padre Sarmiento de Estudios Gallegos _964041 |
|
| 830 | 0 |
_aCuadernos de estudios gallegos _n27 _964042 |
|
| 999 |
_c37066 _d37066 |
||